F1 Winners: US Grand Prix - Statistics

General Stats
  • This quiz has been taken 948 times
    182 since last reset
  • The average score is 37 of 46
Answer Stats
Season Circuit Driver % Correct
2021 Circuit of the Americas Max Verstappen
100%
2022 Circuit of the Americas Max Verstappen
100%
2023 Circuit of the Americas Max Verstappen
100%
2025 Circuit of the Americas Max Verstappen
100%
2007 Indianapolis Lewis Hamilton
99%
2012 Circuit of the Americas Lewis Hamilton
99%
2014 Circuit of the Americas Lewis Hamilton
99%
2015 Circuit of the Americas Lewis Hamilton
99%
2016 Circuit of the Americas Lewis Hamilton
99%
2017 Circuit of the Americas Lewis Hamilton
99%
2013 Circuit of the Americas Sebastian Vettel
99%
2024 Circuit of the Americas Charles Leclerc
98%
2000 Indianapolis Michael Schumacher
98%
2003 Indianapolis Michael Schumacher
98%
2004 Indianapolis Michael Schumacher
98%
2005 Indianapolis Michael Schumacher
98%
2006 Indianapolis Michael Schumacher
98%
1990 Phoenix Street Circuit Ayrton Senna
96%
1991 Phoenix Street Circuit Ayrton Senna
96%
1989 Phoenix Street Circuit Alain Prost
95%
2018 Circuit of the Americas Kimi Räikkönen
91%
2019 Circuit of the Americas Valtteri Bottas
91%
1975 Watkins Glen Niki Lauda
89%
1963 Watkins Glen Graham Hill
86%
1964 Watkins Glen Graham Hill
86%
1965 Watkins Glen Graham Hill
86%
1976 Watkins Glen James Hunt
86%
1977 Watkins Glen James Hunt
86%
1968 Watkins Glen Jackie Stewart
78%
1972 Watkins Glen Jackie Stewart
78%
2001 Indianapolis Mika Häkkinen
77%
1970 Watkins Glen Emerson Fittipaldi
76%
1962 Watkins Glen Jim Clark
76%
1966 Watkins Glen Jim Clark
76%
1967 Watkins Glen Jim Clark
76%
2002 Indianapolis Rubens Barrichello
74%
1980 Watkins Glen Alan Jones
69%
1969 Watkins Glen Jochen Rindt
60%
1960 Riverside Stirling Moss
60%
1979 Watkins Glen Gilles Villeneuve
51%
1974 Watkins Glen Carlos Reutemann
48%
1978 Watkins Glen Carlos Reutemann
48%
1973 Watkins Glen Ronnie Peterson
44%
1959 Sebring Bruce McLaren
37%
1971 Watkins Glen François Cevert
26%
1961 Watkins Glen Innes Ireland
15%
No matching quizzes found
Score Distribution
Percent of People with Each Score
Percentile by Number Answered
Your Score History
You have not taken this quiz since the last reset